Cities of San Joaquin County, Calfornia - Statistics

General Stats
  • This quiz has been taken 8 times
  • The average score is 6 of 8
Answer Stats
Population Answer % Correct
67,679 Lodi
100%
91,059 Manteca
100%
320,806 Stockton
100%
98,010 Tracy
100%
16,068 Ripon
63%
7,355 Escalon
50%
36,857 Lathrop
50%
27,032 Mountain House
50%
No matching quizzes found
Score Distribution
Percent of People with Each Score
Percentile by Number Answered
Your Score History
You have not taken this quiz